| 000 | 01303cam a2200385 a 4500 | ||
|---|---|---|---|
| 999 |
_c2938 _d2938 |
||
| 001 | 242624 | ||
| 003 | GBCCL | ||
| 005 | 20241126110443.0 | ||
| 008 | 991209s2000 mou j 000 1 eng | ||
| 010 | _a 99050885 | ||
| 020 | _a0570070090 (pbk.) | ||
| 020 | _a9780570070092 (pbk.) | ||
| 035 | _a(OCoLC)ocm42980081 | ||
| 035 | _a(OCoLC)42980081 | ||
| 040 |
_aDLC _beng _cDLC _dBAKER _dBTCTA _dP4I |
||
| 042 | _alcac | ||
| 049 | _aLBBJ | ||
| 050 | 0 | 0 |
_aPZ7.M1905 _bHo 2000 |
| 082 | 0 | 0 |
_a813.54 _221 _bMAC |
| 099 | _aM191h v.4 | ||
| 100 | 1 |
_aMackall, Dandi Daley. _96130 |
|
| 245 | 1 | 2 |
_aA horse of a different color / _cDandi Daley Mackall. |
| 260 |
_aSt. Louis, MO : _bConcordia Pub. House, _cc2000. |
||
| 300 |
_a192 p. ; _c17 cm. |
||
| 490 | 1 | _aHorsefeathers | |
| 520 | _aWhen faced with the possible loss of Horsefeathers Stables, Scoop gets caught up in a series of white lies which she later regrets. | ||
| 650 | 1 |
_aChristian life _vFiction. _9533 |
|
| 650 | 1 |
_aHonesty _vFiction. _96131 |
|
| 650 | 1 |
_aHorsemanship _vFiction. _96132 |
|
| 650 | 0 |
_aHorsemanship _vJuvenile fiction. _96133 |
|
| 650 | 0 |
_aTruthfulness and falsehood _vJuvenile fiction. _96134 |
|
| 650 | 0 |
_aChristian life _vJuvenile fiction. _95672 |
|
| 800 | 1 |
_aMackall, Dandi Daley. _tHorsefeathers. _96135 |
|
| 942 |
_2ddc _cBK |
||